<?xml version="1.0" encoding="UTF-8"?>
<record
    xmlns:xsi="http://www.w3.org/2001/XMLSchema-instance"
    xsi:schemaLocation="http://www.loc.gov/MARC21/slim http://www.loc.gov/standards/marcxml/schema/MARC21slim.xsd"
    xmlns="http://www.loc.gov/MARC21/slim">

  <leader>01948nam a2200313   4500</leader>
  <controlfield tag="001">164</controlfield>
  <controlfield tag="003">OSt</controlfield>
  <controlfield tag="005">20250528074013.0</controlfield>
  <controlfield tag="008">250129b        |||||||g |||| 00| 1 eng d</controlfield>
  <datafield tag="020" ind1=" " ind2=" ">
    <subfield code="a">9788502082595</subfield>
  </datafield>
  <datafield tag="040" ind1=" " ind2=" ">
    <subfield code="b">por</subfield>
  </datafield>
  <datafield tag="041" ind1=" " ind2=" ">
    <subfield code="h">eng</subfield>
    <subfield code="a">por</subfield>
  </datafield>
  <datafield tag="082" ind1=" " ind2=" ">
    <subfield code="a">813</subfield>
    <subfield code="b">C655s</subfield>
  </datafield>
  <datafield tag="100" ind1="1" ind2=" ">
    <subfield code="a">Coben, Harlan,</subfield>
    <subfield code="d">1962-</subfield>
    <subfield code="9">309</subfield>
  </datafield>
  <datafield tag="240" ind1=" " ind2=" ">
    <subfield code="a">The woods</subfield>
  </datafield>
  <datafield tag="245" ind1=" " ind2=" ">
    <subfield code="a">Sil&#xEA;ncio na floresta /</subfield>
    <subfield code="c">Coben, Harlan ; Tradu&#xE7;&#xE3;o de Elizabeth Neilson</subfield>
  </datafield>
  <datafield tag="260" ind1=" " ind2=" ">
    <subfield code="a">S&#xE3;o Paulo</subfield>
    <subfield code="b">Arx</subfield>
    <subfield code="c">2009</subfield>
  </datafield>
  <datafield tag="300" ind1=" " ind2=" ">
    <subfield code="a">398 p.</subfield>
  </datafield>
  <datafield tag="520" ind1=" " ind2=" ">
    <subfield code="a">Vi&#xFA;vo precocemente, pai de uma garotinha de seis anos, o promotor de justi&#xE7;a Paul Copeland est&#xE1; no auge de um dos casos mais importantes de sua carreira: o processo em que dois estudantes bem-nascidos s&#xE3;o acusados de estupro.
Prestes a conseguir a condena&#xE7;&#xE3;o dos r&#xE9;us, Paul se v&#xEA; envolvido em um misterioso assassinato que intriga n&#xE3;o s&#xF3; a pol&#xED;cia como tamb&#xE9;m o pr&#xF3;prio promotor, que &#xE9; obrigado a acertar contas com um passado que havia ficado escondido na floresta de um acampamento de ver&#xE3;o, vinte anos antes.
Naquela noite, v&#xE1;rios dos jovens campistas se embrenharam no bosque. Os motivos que levaram cada um deles at&#xE9; o escuro das &#xE1;rvores foram diferentes, mas o desfecho intrincou seus destinos para sempre: assassinatos brutais, alguns corpos nunca encontrados, a culpa dos que sobreviveram ao camping macabro &#x2014; como Paul.
Harlan Coben conduz o leitor pela escurid&#xE3;o dos segredos que Paul, sua fam&#xED;lia e as fam&#xED;lias das v&#xED;timas deixaram para tr&#xE1;s com uma hist&#xF3;ria surpreendente e repleta de reviravoltas. Um suspense policial que desafia o mais atento dos leitores e prende a aten&#xE7;&#xE3;o at&#xE9; a &#xFA;ltima p&#xE1;gina.</subfield>
  </datafield>
  <datafield tag="650" ind1=" " ind2="0">
    <subfield code="a">Literatura Americana</subfield>
    <subfield code="9">84</subfield>
  </datafield>
  <datafield tag="650" ind1=" " ind2="0">
    <subfield code="a">Crime e Investiga&#xE7;&#xE3;o </subfield>
    <subfield code="9">13</subfield>
  </datafield>
  <datafield tag="650" ind1=" " ind2="0">
    <subfield code="a">Mist&#xE9;rio</subfield>
    <subfield code="9">42</subfield>
  </datafield>
  <datafield tag="650" ind1=" " ind2="0">
    <subfield code="a">Suspense</subfield>
    <subfield code="9">10</subfield>
  </datafield>
  <datafield tag="650" ind1=" " ind2="0">
    <subfield code="a">Filme</subfield>
    <subfield code="9">26</subfield>
  </datafield>
  <datafield tag="655" ind1=" " ind2="0">
    <subfield code="a">Romance</subfield>
    <subfield code="9">23</subfield>
  </datafield>
  <datafield tag="655" ind1=" " ind2="0">
    <subfield code="a">Fic&#xE7;&#xE3;o </subfield>
    <subfield code="9">22</subfield>
  </datafield>
  <datafield tag="700" ind1=" " ind2=" ">
    <subfield code="a">Elizabeth Neilson</subfield>
    <subfield code="e">Tradutor</subfield>
    <subfield code="9">311</subfield>
  </datafield>
  <datafield tag="942" ind1=" " ind2=" ">
    <subfield code="2">ddc</subfield>
    <subfield code="n">0</subfield>
    <subfield code="c">BK</subfield>
  </datafield>
  <datafield tag="952" ind1=" " ind2=" ">
    <subfield code="0">0</subfield>
    <subfield code="1">0</subfield>
    <subfield code="2">ddc</subfield>
    <subfield code="4">0</subfield>
    <subfield code="7">0</subfield>
    <subfield code="8">FIC</subfield>
    <subfield code="a">BIBIB</subfield>
    <subfield code="b">BIBIB</subfield>
    <subfield code="c">LE</subfield>
    <subfield code="d">2017-05-23</subfield>
    <subfield code="e">doa&#xE7;&#xE3;o</subfield>
    <subfield code="l">0</subfield>
    <subfield code="o">813 / C655s</subfield>
    <subfield code="p">2025-15626</subfield>
    <subfield code="r">2025-01-29 13:30:54</subfield>
    <subfield code="w">2025-01-29</subfield>
    <subfield code="y">BK</subfield>
  </datafield>
  <datafield tag="999" ind1=" " ind2=" ">
    <subfield code="c">164</subfield>
    <subfield code="d">164</subfield>
  </datafield>
</record>
